Znamenia lásky. Ryby 19. február-20. marec

Bibliographic Details
Main Authors: Parker, Julia, 1932- (Author), Parker, Derek, 1932- (Author)
Other Authors: Prokopčáková, Alexandra, 1951- (Translator)
Format: Book
Language:Slovak
Published: Bratislava Ikar 1998
Subjects:

MARC

LEADER 00000nam a2200000 a 4500
001 vtls001326406
003 SK-MaSNL
005 20260301200336.0
008 251104s1998 xo ap r y 0 slo
015 |a SNBA1998/07-02368 
020 |a 807118540X 
035 |a SNK000279182 
040 |a SNK  |b slo  |c SNK  |e AACR2 
041 0 |a slo 
044 |a xo  |c SK 
080 |a 133.526  |2 1981 
100 1 |a Parker, Julia,  |d 1932-  |4 aut  |9 231664 
240 1 0 |a Love signs/Pisces  |l Slovensky 
245 1 0 |a Znamenia lásky. Ryby 19. február-20. marec  |c Julia a Derek Parkerovci ; [z anglického originálu preložila Alexandra Prokopčáková] 
260 |a Bratislava  |b Ikar  |c 1998 
300 |a 52 s.  |b fareb. fotogr. a ilustr., tab.  |c 16 cm 
500 |a Ilustr. na tit. liste, front. a predsádkach 
500 |a Údaj o prekl. prevzatý z rubu tit. strany 
650 0 7 |a horoskopy  |2 SNK  |9 2079 
655 7 |a príručky  |2 SNK  |9 74364 
700 1 |a Parker, Derek,  |d 1932-  |4 aut  |9 231665 
700 1 |a Prokopčáková, Alexandra,  |d 1951-  |4 trl  |9 39326 
730 |t Love signs/Pisces  |9 579386 
919 |a 80-7118-540-X 
958 |a TL 
958 |a OP 
958 |a NS 
958 |a GB 
968 |b ENG 
999 |c 890021  |d 891951 
952 |t P60, <03>, [BOOK], {603}  |a SNK  |b SNK  |y PREZ  |7 0  |p 17A0130410  |o snkSD 69325  |i snkKSP 3522/98  |0 0  |1 0  |4 0  |d 1998-04-01  |l 0  |r 2005-01-02 00:00:00  |w 2026-02-24 
952 |t P60, <04>, [BOOK], {604}  |a SNK  |b SNK  |y VYP  |7 0  |p 17A0130411  |o snkSD 69325 D1  |i snkKSP 3523/98  |0 0  |1 0  |4 0  |d 1998-04-01  |l 0  |r 2005-01-02 00:00:00  |w 2026-02-24